000
00292cam a22001097a 4500
008
180718b-- xxu||||| |||| 00| 0 eng d
082
_a
B7303x5464 A
100
_a
Tripura. Law Department
245
_a
The Tripura municipal act
260
_a
Agartala
_b
The author
_c
--
500
_a
Library has 1994
999
_c
488690
_d
488690